[Event "GRE-chT Online Rapid op 1st"]
[Site "Tornelo INT"]
[Date "2021.02.21"]
[Round "6.18"]
[White "Nikolakopoulou, Eleni"]
[Black "Georgantas, Antonios"]
[Result "0-1"]
[WhiteElo "1301"]
[BlackElo "1823"]
[PlyCount "82"]
[EventDate "2021.02.20"]
[EventType "team-swiss (rapid)"]
[EventRounds "9"]
[EventCountry "GRE"]
[SourceTitle "EXT 2023"]
[Source "ChessBase"]
[SourceDate "2022.10.05"]
[SourceVersion "1"]
[SourceVersionDate "2022.10.05"]
[SourceQuality "1"]

1. d4 Nf6 2. c4 g6 3. Nc3 d5 4. cxd5 Nxd5 5. e4 Nxc3 6. bxc3 Bg7 7. Nf3 0-0 8. Bc4 c5 9. 0-0 Qc7 10. Qb3 Nc6 11. Be3 cxd4 12. cxd4 Na5 13. Qa4 Nxc4 14. Rac1 Nb6 15. Rxc7 Nxa4 16. Rxe7 Nc3 17. a3 Bf6 18. Rc7 Nxe4 19. Bh6 Bg7 20. Bxg7 Kxg7 21. Re1 Nf6 22. Ne5 Nd5 23. Rc5 Be6 24. Rec1 Rac8 25. Kf1 b6 26. Rc6 Rxc6 27. Rxc6 Rc8 28. Ke2 Rxc6 29. Nxc6 a5 30. g3 f6 31. Kd3 Nc7 32. Kc2 Kf8 33. Kd3 Bd5 34. Nb8 Ke7 35. h3 Kd8 36. h4 Kc8 37. f4 f5 38. Ke3 Kxb8 39. Kd3 Ne6 40. Kc3 Ng7 41. Kd3 Nh5 0-1

[Event "GRE-ch U16"]
[Site "Rio Achaia"]
[Date "2012.06.27"]
[Round "5.10"]
[White "Georgantas, Antonios"]
[Black "Sidiropoulos, Nikolaos"]
[Result "1-0"]
[WhiteElo "1748"]
[BlackElo "1918"]
[PlyCount "37"]
[EventDate "2012.06.24"]
[EventType "swiss"]
[EventRounds "6"]
[EventCountry "GRE"]
[SourceTitle "EXT 2024"]
[Source "ChessBase"]
[SourceDate "2023.10.10"]
[SourceVersion "1"]
[SourceVersionDate "2023.10.10"]
[SourceQuality "1"]

1. e4 g6 2. d4 Bg7 3. Nc3 c6 4. Nf3 d6 5. h3 Nf6 6. a4 0-0 7. Be3 Nbd7 8. Be2 Qc7 9. 0-0 e5 10. dxe5 dxe5 11. Bc4 b6 12. Qd2 Bb7 13. Rad1 Rad8 14. Qd6 Qxd6 15. Rxd6 h6 16. Rfd1 Rfe8 17. Nh2 g5 18. Ng4 Nxg4 19. Rxd7 1-0

[Event "GRE-chT 39th"]
[Site "Eretria"]
[Date "2011.07.05"]
[Round "4.13"]
[White "Poulopoulos, Ioannis"]
[Black "Georgantas, Antonios"]
[Result "1-0"]
[WhiteElo "1923"]
[BlackElo "1729"]
[PlyCount "151"]
[EventDate "2011.07.03"]
[EventType "team-swiss"]
[EventRounds "7"]
[EventCountry "GRE"]
[SourceTitle "CBM 143 Extra"]
[Source "ChessBase"]
[SourceDate "2011.08.29"]
[SourceVersion "1"]
[SourceVersionDate "2011.08.29"]
[SourceQuality "1"]
[WhiteTeam "Peiraikos"]
[BlackTeam "Papagou"]
[WhiteTeamCountry "GRE"]
[BlackTeamCountry "GRE"]

1. e4 d5 2. exd5 Nf6 3. Bb5+ Bd7 4. Be2 Nxd5 5. d4 Bf5 6. a3 e6 7. Nf3 Be7 8. c4 Nb6 9. Nc3 0-0 10. 0-0 Bf6 11. Be3 Nc6 12. h3 Bg6 13. b4 e5 14. d5 e4 15. Nd4 Nxd4 16. Bxd4 c6 17. Bxf6 Qxf6 18. Qb3 cxd5 19. Nxd5 Nxd5 20. cxd5 Rac8 21. Rac1 Qd6 22. Rfd1 Rfd8 23. Rc4 f5 24. Qc3 Rxc4 25. Qxc4 Bf7 26. Qb5 Qd7 27. Qc5 b6 28. Qc6 Qxc6 29. dxc6 Rxd1+ 30. Bxd1 Be6 31. g4 g6 32. Be2 Bc8 33. g5 Kf8 34. Bc4 Ke7 35. Kg2 a6 36. a4 a5 37. b5 Be6 38. c7 Bd7 39. Kg3 Kd6 40. Kf4 Kxc7 41. Bg8 Be8 42. Bxh7 Kd6 43. h4 Kc5 44. h5 e3 45. fxe3 gxh5 46. Bxf5 Kb4 47. Bc2 Bd7 48. g6 h4 49. Ke5 Be8 50. Kf4 h3 51. Kg3 Bd7 52. g7 Be6 53. Bf5 Bf7 54. e4 h2 55. Kxh2 Kc4 56. e5 Bg8 57. Bc2 Kd4 58. Bh7 Be6 59. g8Q Bxg8 60. Bxg8 Kxe5 61. Bb3 Kd4 62. Kg3 Kc3 63. Bd1 Kd2 64. Bh5 Ke3 65. Kg4 Ke4 66. Bg6+ Kd4 67. Kf4 Kc3 68. Ke5 Kb3 69. Kd5 Kxa4 70. Kc6 Kb4 71. Kxb6 a4 72. Kc6 Ka5 73. b6 a3 74. Bf7 Ka6 75. Bc4+ Ka5 76. b7 1-0

[Event "GRE-chT 39th"]
[Site "Eretria"]
[Date "2011.07.04"]
[Round "2.13"]
[White "Tsounis, Serafim"]
[Black "Georgantas, Antonios"]
[Result "1-0"]
[WhiteElo "1806"]
[BlackElo "1729"]
[PlyCount "119"]
[EventDate "2011.07.03"]
[EventType "team-swiss"]
[EventRounds "7"]
[EventCountry "GRE"]
[SourceTitle "CBM 143 Extra"]
[Source "ChessBase"]
[SourceDate "2011.08.29"]
[SourceVersion "1"]
[SourceVersionDate "2011.08.29"]
[SourceQuality "1"]
[WhiteTeam "Chalkidos Palamidis"]
[BlackTeam "Papagou"]
[WhiteTeamCountry "GRE"]
[BlackTeamCountry "GRE"]

1. d4 d5 2. c4 e6 3. Nc3 c6 4. Nf3 f5 5. e3 Nf6 6. Qc2 Bd6 7. b3 0-0 8. Bb2 Ne4 9. Ne5 Nd7 10. Be2 Qh4 11. g3 Qf6 12. f3 Ng5 13. h4 Nf7 14. f4 Bxe5 15. dxe5 Qe7 16. g4 fxg4 17. 0-0-0 h5 18. Qg6 Nh6 19. Bd3 Nf5 20. Qxh5 Nc5 21. Bxf5 Rxf5 22. Qxg4 Qf7 23. h5 Kh7 24. Ne2 Ne4 25. Rh2 a5 26. Nd4 a4 27. Rg1 axb3 28. Qg6+ Kg8 29. Nxf5 exf5 30. axb3 dxc4 31. Qxf7+ Kxf7 32. e6+ Kxe6 33. Rg6+ Kd5 34. bxc4+ Kxc4 35. Rxg7 Be6 36. h6 Kd3 37. h7 Kxe3 38. h8Q Rxh8 39. Rxh8 Kxf4 40. Rxb7 Ke3 41. Kc2 Bd5 42. Rh4 Nd6 43. Re7+ Be4+ 44. Kb3 Nb5 45. Kc4 Ke2 46. Kc5 Kd3 47. Rh2 Ke3 48. Rh6 Kd3 49. Rxc6 Bxc6 50. Kxc6 Nd4+ 51. Kc5 Nb3+ 52. Kd5 f4 53. Rb7 Nd2 54. Bd4 Nf3 55. Rb3+ Ke2 56. Rb2+ Kd3 57. Be5 Ke3 58. Rb3+ Kf2 59. Bxf4 Nd2 60. Bxd2 1-0

[Event "GRE-ch U20"]
[Site "Peristeri"]
[Date "2010.01.08"]
[Round "8"]
[White "Papadimitriou, Athanasios"]
[Black "Georgantas, Antonios"]
[Result "0-1"]
[WhiteElo "2160"]
[BlackElo "1711"]
[PlyCount "104"]
[EventDate "2010.01.03"]
[EventType "swiss"]
[EventRounds "9"]
[EventCountry "GRE"]
[SourceTitle "CBM 134 Extra"]
[Source "ChessBase"]
[SourceDate "2010.03.03"]
[SourceVersion "1"]
[SourceVersionDate "2010.03.03"]
[SourceQuality "1"]

1. Nf3 d5 2. g3 e6 3. Bg2 c6 4. 0-0 f5 5. c4 Nf6 6. Qc2 Bd6 7. d4 0-0 8. Nc3 Ne4 9. Nd2 Nd7 10. Ndxe4 fxe4 11. f3 exf3 12. Bxf3 e5 13. cxd5 exd4 14. dxc6 Ne5 15. Qb3+ Kh8 16. cxb7 Rb8 17. bxc8Q Qxc8 18. Qc2 dxc3 19. bxc3 Qc5+ 20. Kg2 Rf7 21. Bd2 Rbf8 22. Be1 Ng4 23. Bf2 Qxf2+ 24. Rxf2 Ne3+ 25. Kh1 Nxc2 26. Rb1 g5 27. g4 Ne3 28. h3 Bg3 29. Rg2 Nxg2 30. Kxg2 Bf4 31. c4 Rb8 32. Rd1 Rc7 33. Rd4 Rb4 34. Rd8+ Kg7 35. Bd5 Rb2 36. Kf2 Rxa2 37. c5 Ra3 38. c6 Rxh3 39. e4 Kf6 40. Re8 a5 41. Re6+ Kg7 42. Re8 Re3 43. Ra8 Ra3 44. Re8 a4 45. Rd8 Rh3 46. Ra8 a3 47. Ke1 Rh1+ 48. Ke2 Rh2+ 49. Kd3 Rd2+ 50. Kc3 a2 51. Kb3 Be5 52. Rxa2 Rxa2 0-1

[Event "Paleochora op 2nd"]
[Site "Paleochora"]
[Date "2009.07.27"]
[Round "8"]
[White "Georgantas, Antonios"]
[Black "Turova, Irina"]
[Result "0-1"]
[WhiteElo "1750"]
[BlackElo "2387"]
[PlyCount "82"]
[EventDate "2009.07.21"]
[EventType "swiss"]
[EventRounds "9"]
[EventCountry "GRE"]
[SourceTitle "CBM 131 Extra"]
[Source "ChessBase"]
[SourceDate "2009.09.03"]
[SourceVersion "2"]
[SourceVersionDate "2009.09.16"]
[SourceQuality "1"]

1. e4 e5 2. Nf3 Nc6 3. Bb5 a6 4. Ba4 Nf6 5. d3 d6 6. c3 g6 7. 0-0 Bd7 8. Nbd2 Bg7 9. h3 0-0 10. Re1 b5 11. Bc2 h6 12. Nf1 Re8 13. Qe2 Nh5 14. a4 b4 15. Be3 Rb8 16. d4 bxc3 17. bxc3 exd4 18. cxd4 Nb4 19. Bb1 Bc6 20. Bd2 a5 21. Qd1 Qd7 22. Ra3 Nf6 23. Ng3 Ba8 24. Qc1 Kh7 25. Nh4 d5 26. e5 Ne4 27. Bf4 Qc6 28. Qe3 Nc2 29. Bxc2 Qxc2 30. Rc1 Rb1 31. Rxb1 Qxb1+ 32. Qc1 Rb8 33. Nxe4 Qxe4 34. Qxc7 Rb1+ 35. Bc1 Qxh4 36. e6 fxe6 37. Rf3 Qxd4 38. Rf7 Rb7 39. Rxg7+ Qxg7 40. Qc8 Rc7 41. Qxa8 Rxc1+ 0-1

[Event "Rethymno op 1st"]
[Site "Rethymno"]
[Date "2009.07.12"]
[Round "1"]
[White "Stefanova, Antoaneta"]
[Black "Georgantas, Antonios"]
[Result "1-0"]
[WhiteElo "2535"]
[BlackElo "1750"]
[PlyCount "81"]
[EventDate "2009.07.12"]
[EventType "swiss"]
[EventRounds "9"]
[EventCountry "GRE"]
[SourceTitle "CBM 131 Extra"]
[Source "ChessBase"]
[SourceDate "2009.09.03"]
[SourceVersion "2"]
[SourceVersionDate "2009.09.16"]
[SourceQuality "1"]

1. d4 d5 2. Bg5 h6 3. Bh4 g5 4. Bg3 Bg7 5. e3 Bf5 6. Bd3 Bxd3 7. Qxd3 e6 8. Qb5+ Nd7 9. Qxb7 c5 10. Nc3 a6 11. Nge2 Ne7 12. h4 Nf5 13. hxg5 Nxg3 14. Nxg3 cxd4 15. gxh6 Bf6 16. exd4 Bxd4 17. Nce2 Rb8 18. Qxa6 Qf6 19. Nxd4 Qxd4 20. Rb1 Qf4 21. h7 Qe5+ 22. Ne2 Qg7 23. Qd3 Rxb2 24. Rxb2 Qxb2 25. Kd2 Nc5 26. Qd4 Ne4+ 27. Ke3 Qa3+ 28. c3 Qf8 29. Nf4 Nd6 30. g4 Nc4+ 31. Kf3 Kd7 32. a4 Kc6 33. Kg2 Qd8 34. Qg7 Qe8 35. Rh6 Nd6 36. Nd3 f5 37. Nf4 fxg4 38. Nxe6 d4 39. Qc7+ Kd5 40. Qc5+ Ke4 41. Qxd4+ 1-0

[Event "Heraklio op"]
[Site "Heraklion"]
[Date "2008.08.25"]
[Round "4"]
[White "Georgantas, Antonios"]
[Black "Makropoulos, Ioannis"]
[Result "0-1"]
[WhiteElo "1750"]
[BlackElo "1843"]
[PlyCount "72"]
[EventDate "2008.08.23"]
[EventType "swiss"]
[EventRounds "9"]
[EventCountry "GRE"]
[SourceTitle "CBM 126 Extra"]
[Source "ChessBase"]
[SourceDate "2008.11.05"]
[SourceVersion "1"]
[SourceVersionDate "2008.11.05"]
[SourceQuality "1"]

1. e4 e5 2. Nf3 Nc6 3. Bb5 a6 4. Ba4 d6 5. c3 f5 6. Bc2 fxe4 7. Bxe4 d5 8. Bc2 Bg4 9. h3 Bh5 10. d3 Bd6 11. 0-0 Qf6 12. Nbd2 Nh6 13. Bb3 Ne7 14. Re1 g5 15. Qe2 0-0-0 16. Qe3 Nf7 17. Qa7 c6 18. Bd1 Bg6 19. Be2 h5 20. Nb3 Bb8 21. Qa8 Qd6 22. g3 Bf5 23. Bf1 Rhg8 24. Na5 Rd7 25. b4 e4 26. Nd4 h4 27. Nxf5 Nxf5 28. dxe4 Nxg3 29. fxg3 Qxg3+ 30. Bg2 Qxe1+ 31. Bf1 Ne5 32. Bb2 Qg3+ 33. Bg2 Nf3+ 34. Kf1 Nd2+ 35. Kg1 Qh2+ 36. Kf2 Rf8+ 0-1

[Event "GRE-ch U12"]
[Site "Kallithea"]
[Date "2008.07.01"]
[Round "6"]
[White "Georgantas, Antonios"]
[Black "Tsakiris, Haralambos"]
[Result "0-1"]
[WhiteElo "1750"]
[BlackElo "1725"]
[PlyCount "88"]
[EventDate "2008.06.28"]
[EventType "swiss"]
[EventRounds "9"]
[EventCountry "GRE"]
[SourceTitle "EXT 2010"]
[Source "ChessBase"]
[SourceDate "2010.11.25"]
[SourceVersion "1"]
[SourceVersionDate "2010.11.25"]
[SourceQuality "1"]

1. e4 e6 2. d4 d5 3. e5 c5 4. c3 Nc6 5. Be3 cxd4 6. cxd4 Qb6 7. Qd2 Nge7 8. Bd3 Ng6 9. Nf3 Be7 10. 0-0 0-0 11. Nc3 Bd7 12. g3 f6 13. exf6 Rxf6 14. Ne5 Ncxe5 15. dxe5 Nxe5 16. Be2 Qc7 17. Rac1 Bc6 18. Bf4 a6 19. Na4 Bd6 20. Bxe5 Bxe5 21. Bg4 Bd6 22. Nc5 Bxc5 23. Rxc5 Qd6 24. Rcc1 Raf8 25. Rce1 e5 26. Qc3 d4 27. Qc4+ Kh8 28. a4 b5 29. Qe2 e4 30. a5 Bd5 31. Qd2 Bc4 32. Be2 Qd5 33. Rd1 Bxe2 34. Qxe2 d3 35. Qd2 Rf3 36. Rde1 Qd4 37. Re3 Rxe3 38. fxe3 Rxf1+ 39. Kxf1 Qf6+ 40. Kg1 Qf3 41. b4 h5 42. Qe1 Kh7 43. h4 Kh6 44. Kh2 Qe2+ 0-1